01076 a2200169 45000010006000000050017000060080041000230030015000640400040000790800038001192450072001570200018002292640042002473000019002895050578003081000020008864677820260407155738.0260407a1986 arg spa dAR-UNSa-BCEJYS aAR-UNSa-BCEJYSbspacAR-UNSa-BCEJYS a336.74xMoneda. Sistema monetario10aAnálisis monetario y cambiario en el sistema financiero argentino a950-587-026-4 1aBuenos Aires :bClub de Estudioc1986 a345 p.c22 cm. a1. El sistema financiero – 2. Dinero, crédito y tasas de interés – 3. Agregados monetarios, bases y multiplicadores – 4. El balance del Banco Central : los factores de absorción y de expansión – 5. El sistema financiero argentino – 6. El sector externo : tipos de cambio presentes y futuros – 7. El sector externo : el mercado de cambios en la Argentina – 8. El sector público : el déficit fiscal y cuasifiscal – 9. El sector público : el endeudamiento externo – 10. El sector financiero : represiones y ortopedias – 11. El plan austral. 1 aApreda, Rodolfo